000 00645nam a2200229Ia 4500
003 OSt
005 20220923230135.0
006 a|||||r|||| 00| 0
007 ta
008 220922b |||||||| |||| 00| 0 pan d
024 _a277,718
037 _cTextual
040 _aARTS
_cARTS
_bpan
041 _2pan
_apan
082 _aO153,3N231x, J4
100 _aਬ॥Fੀ, ਲੋਚਨ ਸਿੰਘ
_9168904
245 0 _aਵਰ ਤੇ ਸਰਾਪ
260 _c1954
650 _aਪੰਜਾਬੀ ਸਾਹਿਤ
942 _hO153,3N231x, J4
_cTEXL
_2CC
999 _c382770
_d382770